| 000 | 01216cad a22002655a 4500 | ||
|---|---|---|---|
| 001 | E148168 | ||
| 008 | 090810s2009 xxk f 000 0 eng d | ||
| 035 | _a(Sirsi) u148168 | ||
| 041 | 0 | _aeng | |
| 050 | 0 | 4 | _a333.332 $2 18 |
| 110 | 2 |
_aRoyal Institution of Chartered Surveyors _94900 |
|
| 245 | 0 | 0 |
_aRed book _bexposure drafts August 2009 _h[electronic resource] |
| 260 |
_aLondon _bRICS _c2009 |
||
| 490 | 0 | _aRICS Practice Statement | |
| 490 | 0 | _aRICS UK Practice Statement | |
| 505 | 2 | _aExposure draft: UKPS 1.12 Local authority asset valuations and UK appendix 1.5 Valuations of local authority assets -- Exposure draft: PS 4.3 Additional disclosures for valuations in which the public has an interest or upon which third parties may rely | |
| 520 | _aExposure drafts of two practice statements which will become mandatory following the next revision of the Red Book in 2010. | ||
| 521 | _aAdvanced | ||
| 590 | _aKA | ||
| 650 | 2 | 4 | _aRICS VALUATION STANDARDS |
| 651 | 4 |
_aUnited Kingdom _y |
|
| 690 | _aPROPERTY-PROPERTY APPRAISAL AND VALUATION | ||
| 856 | 4 | 0 |
_uhttps://www.rics.org/RICSWEB/getpage.aspx?p=GfPgEx1LjEmoxKZB54ILgA _zView the exposure drafts free of charge at www.rics.org... |
| 942 | _n0 | ||
| 999 |
_c109927 _d109927 |
||